| 000 | 00745nam a2200253 u 4500 | ||
|---|---|---|---|
| 001 | 000055590 | ||
| 005 | 20200120223125.0 | ||
| 008 | 130604s1992 ck gr 000 f spa d | ||
| 041 | 0 |
_a|spa _beng |
|
| 043 | _as-ag--- | ||
| 090 |
_aAN _bSHESc |
||
| 100 | 1 | _aSheldon, Sidney, | |
| 245 | 1 | 3 |
_aLa conspiración del juicio final / _cSidney Sheldon ; traducción de Nora Watson. |
| 250 | _a1a. ed. | ||
| 260 |
_a[Bogotá] : _bCírculo de lectores, _c1992. |
||
| 300 | _a381 p. | ||
| 500 | _aTítulo original : The doomsday conspiracy | ||
| 650 | 1 | 4 | _aNovela adulto |
| 650 | 2 | 4 | _aLiteratura adulto |
| 650 | 2 | 4 | _aLiteratura estadounidense |
| 650 | 2 | 4 | _aNovela policiaca |
| 650 | 2 | 4 | _aEspionaje en la literatura |
| 700 | 1 |
_aWatson, Nora, _etr. |
|
| 999 |
_c5148 _d5148 |
||